Southville International School and Colleges
Your cart is empty.
  • Cart
  • Lists
    Public lists Eva Luna New books Lux_list list_1
    Your lists Log in to create your own lists
  • Log in to your account
  • Your cookies
  • Search history
Southville International School and Colleges
  • Advanced search
  • Recent comments
  • Most popular
  • Libraries

Log in to your account

Log in with GOOGLE


If you do not have an external account, but do have a local account, you can still log in:

  1. Home
  2. MARC view: Evidence-based practice in nursing & healthcare :
Normal view MARC view ISBD view

Evidence-based practice in nursing & healthcare : (Record no. 366808)

[ view plain ]
MARC details
000 -LEADER
fixed length control field 00886nam a22002537a 4500
003 - CONTROL NUMBER IDENTIFIER
control field 0
005 - DATE AND TIME OF LATEST TRANSACTION
control field 20241122152528.0
008 - FIXED-LENGTH DATA ELEMENTS--GENERAL INFORMATION
fixed length control field 241122b xxu||||| |||| 00| 0 eng d
020 ## - INTERNATIONAL STANDARD BOOK NUMBER
International Standard Book Number 9781975185732
050 ## - LIBRARY OF CONGRESS CALL NUMBER
Classification number RT 23
Item number .M45 2023
100 ## - MAIN ENTRY--PERSONAL NAME
Personal name Melnyk, Bernadette Mazurek,
Relator term author.
245 ## - TITLE STATEMENT
Title Evidence-based practice in nursing & healthcare :
Remainder of title a guide to best practice /
Statement of responsibility, etc Bernadette Mazurek Melnyk, Ellen Fineout-Overholt.
250 ## - EDITION STATEMENT
Edition statement 5th ed.
260 ## - PUBLICATION, DISTRIBUTION, ETC. (IMPRINT)
Place of publication, distribution, etc Philadelphia :
Name of publisher, distributor, etc Wolters Kluwer,
Date of publication, distribution, etc 2023.
300 ## - PHYSICAL DESCRIPTION
Extent xxv, 908 p. ;
Dimensions 26 cm.
504 ## - BIBLIOGRAPHY, ETC. NOTE
Bibliography, etc Includes bibliographical references and index.
650 ## - SUBJECT ADDED ENTRY--TOPICAL TERM
Topical term or geographic name as entry element Communication in nursing.
650 ## - SUBJECT ADDED ENTRY--TOPICAL TERM
Topical term or geographic name as entry element Communication in medicine.
650 ## - SUBJECT ADDED ENTRY--TOPICAL TERM
Topical term or geographic name as entry element Clinical decision-making.
650 ## - SUBJECT ADDED ENTRY--TOPICAL TERM
Topical term or geographic name as entry element Evidence-based nursing.
650 ## - SUBJECT ADDED ENTRY--TOPICAL TERM
Topical term or geographic name as entry element Evidence-based nursing
Form subdivision Methods.
700 ## - ADDED ENTRY--PERSONAL NAME
Personal name Overholt, Ellen Fineout-,
Relator term author.
942 ## - ADDED ENTRY ELEMENTS (KOHA)
Source of classification or shelving scheme Library of Congress Classification
Koha item type Books
Holdings
Withdrawn status Lost status Source of classification or shelving scheme Damaged status Home library Current library Shelving location Date acquired Source of acquisition Sub Shelving location Total Checkouts Full call number Barcode Date last seen Price effective from Koha item type
    Library of Congress Classification   College Library College Library Reserve Section 11/22/2024 Library Fund     RT 23 .M45 2023 C24079 11/22/2024 11/22/2024 Books

Evidence-based practice in nursing & healthcare :

APA

Melnyk B. M., Overholt E. F., . (2023). Evidence-based practice in nursing & healthcare. Philadelphia: Wolters Kluwer.

Chicago

Melnyk Bernadette Mazurek, Overholt Ellen Fineout, . 2023. Evidence-based practice in nursing & healthcare. Philadelphia: Wolters Kluwer.

Harvard

Melnyk B. M., Overholt E. F., . (2023). Evidence-based practice in nursing & healthcare. Philadelphia: Wolters Kluwer.

MLA

Melnyk Bernadette Mazurek, Overholt Ellen Fineout, . Evidence-based practice in nursing & healthcare. Philadelphia: Wolters Kluwer. 2023.

  • Place hold
  • Print
  • Cite
  • Add to your cart (remove)
  • Save record
    BIBTEX Dublin Core MARCXML MARC (non-Unicode/MARC-8) MARC (Unicode/UTF-8) MARC (Unicode/UTF-8, Standard) MODS (XML) RIS
  • More searches
    Search for this title in:
    Other Libraries (WorldCat) Other Databases (Google Scholar) Online Stores (Bookfinder.com) Open Library (openlibrary.org)

Exporting to Dublin Core...

SOUTHVILLE LIBRARY

Southville International School and Colleges Library

1281 Tropical Ave. Cor. Luxembourg St., BF Homes International, Las Pinas City

Tel. No. 8256374 / 252358 Loc. 117/146

Powered by Koha